00990 2200313 4500001002100000005001500021035002000036007000300056008004100059020002200100082001800122084002000140100002200160245013300182250003500315300003100350650002400381504003400405710002900439264003400468336002100502337003000523338002300553040002200576090002200598850001200620999002200632990002200654INLIS00000000087730820230317102428 a0010-0323000575ta230317s2022 yoi g 000 0 ind d a978-623-261-536-604223a297.12516 a297.12516 RAM n0 aRamlanePengarang10aNasakh mansukh di kalangan mufasir :bperbedaan persepsi jumhur ulama dalam penafsiran ayat /cRamlan ; penyunting, Lenda Surepi aCetakan Pertama, Desember 2022 aviii, 112 halaman ;c23 cm 4aAl-Qur'an -- Tafsir aBibliografi : halaman 109-1120 aLenda SurepiePenyunting31aBantul :bSamudra Biru,c2022 2rdacontentateks 2rdamediaatanpa perantara 2rdacarrieravolume aYOPDYOGbinderda aCB-D.11 2022-2696 aYOPDYOG aCB-D.11/2022-2696 aCB-D.11/2022-2696